Zlaté kytary

Hlavní autor: Sigmund, Aleš, 1944-2018
Jazyk: Čeština
Vydáno: Praha: Vaško Music, p2005
Témata:
Fyzický popis: 1 zvuková deska (45:47) : digital ; 12 cm + 1 leták (12 x 24 cm)
Vydáno také na kazetě; VM 0131-4
Zvukové nahrávky
Uloženo v:
LEADER 01597njm a2200361 a 4500
001 000813822
003 CZ BrMZK
005 20060516105500.0
007 sd fsngnnmmned
008 060411s2005 xr mu g cze d
028 0 0 |a VM0131-2  |b Vaško Music 
040 |a BOA001  |b cze 
048 |a tb01 
072 7 |a 784  |x Vokální hudba  |2 Konspekt  |9 9 
080 |a 784.4  |2 MRF 
080 |a 784.4.088  |2 MRF 
080 |a (086.76)  |2 MRF 
100 1 |a Sigmund, Aleš,  |d 1944-2018  |7 ola200202589  |4 itr 
245 1 0 |a Zlaté kytary  |h [zvukový záznam] 
260 |a Praha:  |b Vaško Music,  |c p2005 
300 |a 1 zvuková deska (45:47) :  |b digital ;  |c 12 cm +  |e 1 leták (12 x 24 cm) 
306 |a 004547 
500 |a Kompaktní deska 
505 0 0 |t Zpíváme s kytarou --  |t <<La >>Paloma --  |t Čí só hode --  |t Čerešničky, čerešničky --  |t Tancuj, tancuj, vykrucaj --  |t Na krásné Šumavě --  |t ČErné olivy --  |t My pluli dál a dál --  |t Rožnovské hodiny --  |t Pod našima okny --  |t Co to tam šupoce --  |t Keď som si som si --  |t Muzikanti co děláte? --  |t Dyby byla Morava --  |t Beskyde, Beskyde --  |t Na tu svatu Katerinu --  |t Kokiriko --  |t Ivuška --  |t Krásné je žít --  |t Svatba v Soluni 
511 0 |a Aleš Sigmund, kytara 
530 |a Vydáno také na kazetě;  |d VM 0131-4 
650 0 7 |a populární písně  |7 ph124354  |2 czenas 
650 0 7 |a lidové písně, úpravy  |7 ph320413  |2 czenas 
655 7 |a kompaktní desky  |7 fd201991  |2 czenas 
910 |a BOA001  |b CD-0013.070 
990 |a AV 
991 |b 200605 
996 6 |b 261H014374  |c CD-0013.070  |l MZK  |r Sklad / do 24 hodin  |n 0  |w 000813822  |u 000010  |a 1  |e BOA001  |j MZK50  |s P